| 000 | 00643nam a2200229Ia 4500 | ||
|---|---|---|---|
| 003 | OSt | ||
| 005 | 20220918212913.0 | ||
| 006 | a|||||r|||| 00| 0 | ||
| 007 | ta | ||
| 008 | 220917b |||||||| |||| 00| 0 eng d | ||
| 024 | _a130,687 | ||
| 037 | _cTextual | ||
| 040 |
_aARTS _cARTS _beng |
||
| 041 |
_2eng _aeng |
||
| 082 | _aX:3M24.6, K9 | ||
| 100 |
_aKlinghoffer Arthur Jay _9125119 |
||
| 245 | 0 | _aSoviet perspectives on African Socialism | |
| 260 |
_aRutherford _bFqairleigh Dickinson Univ Press _c1969 |
||
| 650 | _aECONOMICS | ||
| 942 |
_hX:3M24.6, K9 _cTEXL _2CC |
||
| 999 |
_c253810 _d253810 |
||